000 00300nam a22001457a 4500
003 SGT
020 _a9780750672283
082 _a611
_bB02K
100 _aKIRSHNER, HOWARD S.
245 _aBEHAVIORAL NEUROLOGY
250 _a2ND
260 _bBUTTERWORTH
_c2002
300 _a475
942 _2ddc
_cBK
999 _c16201
_d16201